[Event "Uppsala Young Champions 2016"]
[Site "Uppsala Schackcentrum, Sweden"]
[Date "2016.10.31"]
[Round "5.4"]
[White "Seo, Jung Min"]
[Black "Keinänen, Toivo"]
[Result "1/2-1/2"]
[BlackElo "2345"]
[WhiteElo "2131"]
[LiveChessVersion "1.4.8"]

1. Nf3 {[%clk 1:30:58]} d5 {[%clk 1:30:32]} 2. g3 {[%clk 1:31:04]} Nf6
{[%clk 1:28:17]} 3. Bg2 {[%clk 1:31:28]} e6 {[%clk 1:28:18]} 4. O-O
{[%clk 1:31:00]} b5 {[%clk 1:28:44]} 5. d3 {[%clk 1:31:24]} Bb7 {[%clk 1:27:31]}
6. Nbd2 {[%clk 1:29:19]} Nbd7 {[%clk 1:24:03]} 7. e4 {[%clk 1:26:05]} dxe4
{[%clk 1:23:09]} 8. Ng5 {[%clk 1:26:30]} Be7 {[%clk 1:18:10]} 9. Ngxe4
{[%clk 1:23:53]} Rb8 {[%clk 1:14:04]} 10. Qe2 {[%clk 1:06:05]} O-O
{[%clk 1:12:07]} 11. Rd1 {[%clk 1:02:09]} c5 {[%clk 1:07:46]} 12. Nf1
{[%clk 0:54:39]} Qb6 {[%clk 1:07:05]} 13. a4 {[%clk 0:50:50]} a6 {[%clk 1:05:29]}
14. axb5 {[%clk 0:44:55]} axb5 {[%clk 1:05:35]} 15. Bd2 {[%clk 0:43:59]} Ra8
{[%clk 1:03:01]} 16. Ne3 {[%clk 0:36:53]} Bc6 {[%clk 0:58:11]} 17. Qe1
{[%clk 0:30:55]} Qb7 {[%clk 0:55:36]} 18. Nf1 {[%clk 0:28:09]} Nd5
{[%clk 0:52:38]} 19. f4 {[%clk 0:21:10]} Rxa1 {[%clk 0:48:08]} 20. Rxa1
{[%clk 0:21:36]} Nb4 {[%clk 0:47:20]} 21. Bxb4 {[%clk 0:21:16]} cxb4
{[%clk 0:47:21]} 22. Ne3 {[%clk 0:19:16]} Nc5 {[%clk 0:45:17]} 23. Nf2
{[%clk 0:17:49]} Na4 {[%clk 0:42:33]} 24. c3 {[%clk 0:12:15]} Nxb2
{[%clk 0:41:01]} 25. cxb4 {[%clk 0:12:37]} Bxg2 {[%clk 0:40:00]} 26. Nxg2
{[%clk 0:12:55]} Rd8 {[%clk 0:39:23]} 27. Qd2 {[%clk 0:10:01]} Bf6
{[%clk 0:38:35]} 28. Rb1 {[%clk 0:09:24]} Qa7 {[%clk 0:38:27]} 29. Kh1
{[%clk 0:08:20]} Qd4 {[%clk 0:36:19]} 30. Ne1 {[%clk 0:07:17]} Na4
{[%clk 0:35:20]} 31. Ng4 {[%clk 0:06:23]} Qd5+ {[%clk 0:33:26]} 32. Qg2
{[%clk 0:06:14]} Qxg2+ {[%clk 0:32:37]} 33. Kxg2 {[%clk 0:06:41]} Bc3
{[%clk 0:32:54]} 34. Nf2 {[%clk 0:06:21]} g6 {[%clk 0:29:57]} 35. Nc2
{[%clk 0:06:22]} Bb2 {[%clk 0:26:30]} 36. Nd1 {[%clk 0:03:33]} Rxd3
{[%clk 0:25:25]} 37. Nxb2 {[%clk 0:03:59]} Rd2+ {[%clk 0:20:42]} 38. Kf3
{[%clk 0:03:49]} Rxc2 {[%clk 0:20:45]} 39. Nxa4 {[%clk 0:04:15]} bxa4
{[%clk 0:21:14]} 40. b5 {[%clk 0:03:43]} a3 {[%clk 0:20:39]} 41. h4
{[%clk 0:03:40]} Rb2 {[%clk 0:19:44]} 42. Ra1 {[%clk 0:04:07]} Rb3+
{[%clk 0:19:31]} 43. Kg2 {[%clk 0:04:31]} Kg7 {[%clk 0:19:02]} 44. b6
{[%clk 0:04:56]} Kf6 {[%clk 0:18:20]} 45. b7 {[%clk 0:05:21]} Rxb7
{[%clk 0:17:50]} 46. Rxa3 {[%clk 0:05:49]} Rb5 {[%clk 0:16:25]} 47. Ra7
{[%clk 0:05:52]} Rb2+ {[%clk 0:15:27]} 48. Kf3 {[%clk 0:06:18]} Rb3+
{[%clk 0:14:49]} 49. Kg2 {[%clk 0:06:44]} h6 {[%clk 0:14:01]} 50. Rc7
{[%clk 0:06:51]} h5 {[%clk 0:11:15]} 51. Ra7 {[%clk 0:06:25]} Kf5
{[%clk 0:11:18]} 52. Ra5+ {[%clk 0:06:05]} Ke4 53. Ra4+ {[%clk 0:05:02]} Ke3
{[%clk 0:11:36]} 54. Ra7 {[%clk 0:04:41]} Rb2+ {[%clk 0:11:52]} 55. Kh3
{[%clk 0:05:03]} Kf2 {[%clk 0:07:19]} 56. Kh2 {[%clk 0:05:01]} f6
{[%clk 0:06:44]} 57. Ra6 {[%clk 0:04:20]} Re2 {[%clk 0:07:09]} 58. Rb6
{[%clk 0:03:59]} Kf3+ {[%clk 0:07:23]} 59. Kh3 {[%clk 0:04:24]} Re1
{[%clk 0:07:29]} 60. Rb3+ {[%clk 0:02:43]} Re3 {[%clk 0:07:56]} 61. Rb6
{[%clk 0:02:39]} Re1 {[%clk 0:07:15]} 62. Rb3+ {[%clk 0:03:00]} Ke4
{[%clk 0:07:34]} 63. Rb6 {[%clk 0:03:01]} Kf5 {[%clk 0:07:59]} 64. Rb8
{[%clk 0:02:22]} Rh1+ {[%clk 0:08:03]} 65. Kg2 {[%clk 0:02:49]} Rd1
{[%clk 0:08:30]} 66. Kh3 {[%clk 0:03:15]} Rd2 {[%clk 0:07:07]} 67. Rb6
{[%clk 0:03:22]} e5 {[%clk 0:07:09]} 68. fxe5 fxe5 69. Rb8 {[%clk 0:01:49]} Re2
{[%clk 0:06:35]} 70. Rb5 {[%clk 0:01:46]} Ke4 {[%clk 0:05:24]} 71. Rb6
{[%clk 0:02:05]} Ke3 72. Rxg6 {[%clk 0:02:04]} Kf2 {[%clk 0:03:45]} 73. Rg5
{[%clk 0:02:12]} e4 {[%clk 0:01:15]} 74. Rxh5 {[%clk 0:02:31]} Re3
{[%clk 0:01:32]} 75. Rg5 {[%clk 0:02:36]} Rf3 {[%clk 0:01:46]} 76. h5
{[%clk 0:02:34]} e3 {[%clk 0:02:03]} 77. Re5 Rxg3+ {[%clk 0:02:26]} 78. Kh4
{[%clk 0:03:18]} Rg1 {[%clk 0:01:05]} 79. h6 {[%clk 0:03:33]} e2 {[%clk 0:01:28]}
80. Kh5 {[%clk 0:03:37]} Rg3 {[%clk 0:01:35]} 81. Rxe2+ {[%clk 0:03:59]} Kxe2
{[%clk 0:02:00]} 82. h7 {[%clk 0:04:28]} Kf3 {[%clk 0:02:05]} 83. Kh6
{[%clk 0:04:54]} 1/2-1/2

[Event "Uppsala Young Champions 2016"]
[Site "Uppsala Schackcentrum, Sweden"]
[Date "2016.10.31"]
[Round "5.5"]
[White "Björkman, Filip"]
[Black "Nilsson, Joakim"]
[Result "0-1"]
[BlackElo "2059"]
[WhiteElo "1976"]
[LiveChessVersion "1.4.8"]

1. e4 {[%clk 1:30:57]} c5 {[%clk 1:29:21]} 2. Nf3 {[%clk 1:31:15]} e6
{[%clk 1:29:43]} 3. d4 {[%clk 1:31:40]} cxd4 {[%clk 1:30:08]} 4. Nxd4
{[%clk 1:32:05]} Nc6 {[%clk 1:30:33]} 5. Nc3 {[%clk 1:32:30]} Qc7
{[%clk 1:30:59]} 6. Be2 {[%clk 1:32:49]} Nf6 {[%clk 1:31:18]} 7. O-O
{[%clk 1:32:39]} Be7 {[%clk 1:31:32]} 8. f4 {[%clk 1:32:24]} Nxd4
{[%clk 1:31:51]} 9. Bd3 {[%clk 1:23:43]} d6 {[%clk 1:31:44]} 10. Qe1
{[%clk 1:23:38]} e5 {[%clk 1:31:46]} 11. fxe5 {[%clk 1:23:10]} dxe5
{[%clk 1:32:06]} 12. Qg3 {[%clk 1:14:11]} Be6 {[%clk 1:30:29]} 13. Qxg7
{[%clk 1:13:08]} Rg8 {[%clk 1:30:50]} 14. Qh6 {[%clk 1:13:29]} Rg6
{[%clk 1:30:25]} 15. Qh4 {[%clk 1:13:55]} O-O-O {[%clk 1:28:29]} 16. Bg5
{[%clk 1:12:36]} Ng8 {[%clk 1:20:23]} 17. Bxe7 {[%clk 1:07:23]} Qxe7
{[%clk 1:20:46]} 18. Qf2 {[%clk 1:01:44]} Nf6 {[%clk 1:19:42]} 19. Nd5
{[%clk 1:01:26]} Bxd5 {[%clk 1:17:36]} 20. exd5 {[%clk 1:01:34]} Ng4
{[%clk 1:17:22]} 21. Qxf7 {[%clk 0:48:17]} Qh4 {[%clk 1:16:07]} 22. h3
{[%clk 0:47:44]} Rf6 {[%clk 1:08:48]} 23. Rxf6 {[%clk 0:38:10]} Qxf6
{[%clk 1:08:48]} 24. Rf1 {[%clk 0:37:57]} Qxf7 {[%clk 1:08:01]} 25. Rxf7
{[%clk 0:38:18]} Ne3 {[%clk 1:07:58]} 26. c3 {[%clk 0:38:26]} Ndc2
{[%clk 1:07:19]} 27. Rf2 {[%clk 0:38:16]} Ne1 {[%clk 1:07:19]} 28. Be4
{[%clk 0:28:51]} Rg8 {[%clk 0:57:50]} 29. Re2 {[%clk 0:28:05]} N1xg2
{[%clk 0:56:54]} 30. Bxg2 {[%clk 0:28:24]} Nxd5 {[%clk 0:57:15]} 31. Kh2
{[%clk 0:24:13]} Nf4 {[%clk 0:57:33]} 32. Rd2 {[%clk 0:24:39]} h5
{[%clk 0:56:04]} 33. Be4 {[%clk 0:23:54]} Kc7 {[%clk 0:55:32]} 34. Rd1
{[%clk 0:22:10]} Rg7 {[%clk 0:55:40]} 35. Bf3 {[%clk 0:21:30]} b6
{[%clk 0:54:11]} 36. Rd2 {[%clk 0:17:45]} Rf7 {[%clk 0:53:12]} 37. Kg3
{[%clk 0:14:29]} Rg7+ {[%clk 0:52:38]} 38. Kh4 {[%clk 0:14:03]} Rf7
{[%clk 0:49:33]} 39. Kg3 {[%clk 0:10:08]} Rf6 {[%clk 0:47:59]} 40. Be4
{[%clk 0:08:42]} Ne6 {[%clk 0:45:27]} 41. Rf2 {[%clk 0:08:08]} Ng5
{[%clk 0:45:40]} 42. Bg2 {[%clk 0:07:55]} h4+ {[%clk 0:45:59]} 0-1

[Event "Uppsala Young Champions 2016"]
[Site "Uppsala Schackcentrum, Sweden"]
[Date "2016.10.31"]
[Round "5.6"]
[White "Crevatin, Leo"]
[Black "Aira, Leonardo"]
[Result "1-0"]
[BlackElo "1861"]
[WhiteElo "2030"]
[LiveChessVersion "1.4.8"]

1. c4 {[%clk 1:30:59]} e6 {[%clk 1:30:06]} 2. d4 {[%clk 1:31:25]} d5
{[%clk 1:29:45]} 3. cxd5 {[%clk 1:31:39]} exd5 {[%clk 1:29:57]} 4. Nc3
{[%clk 1:32:04]} Nf6 {[%clk 1:28:59]} 5. Bg5 {[%clk 1:32:33]} Be7
{[%clk 1:29:06]} 6. e3 {[%clk 1:32:58]} O-O {[%clk 1:28:12]} 7. Bd3
{[%clk 1:33:09]} c6 {[%clk 1:26:28]} 8. Nge2 {[%clk 1:33:07]} h6 {[%clk 1:20:14]}
9. Bh4 {[%clk 1:32:37]} Ne4 {[%clk 1:17:51]} 10. Bxe7 {[%clk 1:27:38]} Qxe7
{[%clk 1:18:14]} 11. Bxe4 dxe4 {[%clk 1:18:32]} 12. Ng3 {[%clk 1:27:54]} f5
{[%clk 1:18:36]} 13. O-O {[%clk 1:25:56]} Nd7 {[%clk 1:09:02]} 14. Qb3+
{[%clk 1:23:33]} Kh8 {[%clk 1:04:33]} 15. f3 {[%clk 1:20:55]} exf3
{[%clk 0:56:30]} 16. Rxf3 {[%clk 1:21:05]} Nb6 {[%clk 0:56:00]} 17. Raf1
{[%clk 1:16:22]} Be6 {[%clk 0:47:51]} 18. Qc2 {[%clk 1:15:34]} g6
{[%clk 0:45:20]} 19. b3 {[%clk 1:06:40]} Bd5 {[%clk 0:38:10]} 20. Nxd5
{[%clk 1:06:05]} Nxd5 {[%clk 0:37:54]} 21. Qd2 {[%clk 1:05:38]} Kg7
{[%clk 0:34:18]} 22. Re1 {[%clk 0:56:24]} Rae8 {[%clk 0:27:58]} 23. e4
{[%clk 0:45:35]} Qb4 {[%clk 0:26:27]} 24. Qxb4 {[%clk 0:43:35]} Nxb4
{[%clk 0:27:17]} 25. e5 {[%clk 0:37:06]} Re6 {[%clk 0:25:21]} 26. Re2
{[%clk 0:33:59]} Rd8 {[%clk 0:25:07]} 27. a3 {[%clk 0:33:04]} Nd5
{[%clk 0:23:16]} 28. Rd2 {[%clk 0:31:56]} Ne7 {[%clk 0:22:07]} 29. Rfd3
{[%clk 0:31:08]} Nd5 {[%clk 0:21:21]} 30. Ne2 {[%clk 0:28:25]} Kf7
{[%clk 0:20:49]} 31. g3 {[%clk 0:28:08]} Kg7 {[%clk 0:16:30]} 32. Kf2
{[%clk 0:27:47]} Kf7 {[%clk 0:16:34]} 33. Nf4 {[%clk 0:26:09]} Nxf4
{[%clk 0:16:30]} 34. gxf4 {[%clk 0:26:37]} Rd5 {[%clk 0:16:48]} 35. Ke3
{[%clk 0:26:14]} Ke8 {[%clk 0:16:19]} 36. Rc3 {[%clk 0:25:59]} b6
{[%clk 0:13:43]} 37. Rdc2 {[%clk 0:26:04]} Kd7 {[%clk 0:13:12]} 38. h4
{[%clk 0:25:31]} h5 {[%clk 0:11:34]} 39. Rc1 {[%clk 0:25:05]} a6 {[%clk 0:07:46]}
40. R3c2 {[%clk 0:24:38]} Ra5 {[%clk 0:07:36]} 41. a4 {[%clk 0:24:06]} Rd5
{[%clk 0:07:30]} 42. Rg1 {[%clk 0:22:00]} Ke7 {[%clk 0:07:20]} 43. Rcg2
{[%clk 0:21:43]} Kf7 {[%clk 0:07:39]} 44. Rc1 {[%clk 0:21:54]} Ke7
{[%clk 0:07:37]} 45. b4 {[%clk 0:21:36]} Ke8 {[%clk 0:06:05]} 46. Ra2
{[%clk 0:19:44]} Kd7 {[%clk 0:03:23]} 47. a5 {[%clk 0:17:26]} Rb5
{[%clk 0:01:12]} 48. Rc4 {[%clk 0:16:02]} Kc7 {[%clk 0:01:10]} 49. Kd3
{[%clk 0:15:06]} Kb7 {[%clk 0:01:24]} 50. Kc3 {[%clk 0:15:00]} Re8
{[%clk 0:01:31]} 51. axb6 {[%clk 0:14:34]} Kxb6 {[%clk 0:01:45]} 52. Rc5
{[%clk 0:14:21]} Re6 {[%clk 0:01:30]} 53. Kc4 {[%clk 0:14:27]} Kb7
{[%clk 0:01:09]} 54. Rxb5+ {[%clk 0:13:23]} axb5+ {[%clk 0:01:21]} 55. Kc5
{[%clk 0:13:36]} Re8 {[%clk 0:01:26]} 56. d5 {[%clk 0:13:41]} cxd5
{[%clk 0:01:30]} 57. Kxb5 {[%clk 0:13:38]} Rc8 {[%clk 0:01:12]} 58. e6
{[%clk 0:13:20]} Rc4 {[%clk 0:01:09]} 59. Re2 {[%clk 0:13:29]} Rc8
{[%clk 0:00:59]} 60. e7 {[%clk 0:13:54]} Re8 {[%clk 0:01:25]} 61. Kc5
{[%clk 0:14:19]} Kc7 {[%clk 0:01:27]} 62. Kxd5 {[%clk 0:13:55]} Kd7
{[%clk 0:01:40]} 63. b5 {[%clk 0:14:19]} 1-0

[Event "Uppsala Young Champions 2016"]
[Site "Uppsala Schackcentrum, Sweden"]
[Date "2016.10.31"]
[Round "5.7"]
[White "Bit-Narva, David"]
[Black "Buchert, Vitus"]
[Result "0-1"]
[BlackElo "1782"]
[WhiteElo "2019"]
[LiveChessVersion "1.4.8"]

1. e4 {[%clk 1:25:59]} c5 {[%clk 1:25:22]} 2. Nf3 {[%clk 1:26:18]} d6
{[%clk 1:25:16]} 3. Bc4 {[%clk 1:26:30]} Nf6 {[%clk 1:25:41]} 4. c3
{[%clk 1:26:54]} e6 {[%clk 1:25:54]} 5. d3 {[%clk 1:27:19]} Be7 {[%clk 1:25:14]}
6. Bb3 {[%clk 1:27:41]} d5 {[%clk 1:23:25]} 7. e5 {[%clk 1:27:38]} Nfd7
{[%clk 1:23:32]} 8. d4 {[%clk 1:27:14]} Nc6 {[%clk 1:22:54]} 9. O-O
{[%clk 1:27:29]} O-O {[%clk 1:22:15]} 10. Re1 {[%clk 1:09:07]} Qb6
{[%clk 1:17:11]} 11. Bc2 {[%clk 1:07:31]} f6 {[%clk 1:16:52]} 12. exf6
{[%clk 1:05:58]} Nxf6 {[%clk 1:17:12]} 13. Qd3 {[%clk 0:54:24]} cxd4
{[%clk 1:05:37]} 14. Nxd4 {[%clk 0:53:24]} Bc5 {[%clk 1:03:25]} 15. Be3
{[%clk 0:51:39]} Qxb2 {[%clk 0:49:08]} 16. Nd2 {[%clk 0:48:55]} Ne5
{[%clk 0:47:20]} 17. Qe2 {[%clk 0:44:05]} Bxd4 {[%clk 0:45:39]} 18. Bxd4
{[%clk 0:43:39]} Qxc2 {[%clk 0:42:19]} 19. Bxe5 {[%clk 0:43:51]} Nd7
{[%clk 0:35:07]} 20. Bd6 {[%clk 0:36:54]} Rf6 {[%clk 0:35:16]} 21. c4
{[%clk 0:35:59]} dxc4 {[%clk 0:28:30]} 22. Ne4 {[%clk 0:34:57]} Qxe2
{[%clk 0:28:06]} 23. Nxf6+ {[%clk 0:35:21]} Nxf6 {[%clk 0:28:14]} 24. Rxe2
{[%clk 0:35:47]} Bd7 {[%clk 0:27:58]} 25. a4 {[%clk 0:33:43]} b6 {[%clk 0:26:52]}
26. Rc2 {[%clk 0:32:36]} Rc8 27. Rac1 {[%clk 0:32:39]} b5 {[%clk 0:26:11]} 28.
axb5 {[%clk 0:31:49]} Bxb5 {[%clk 0:26:35]} 29. Ra1 {[%clk 0:31:23]} a6
{[%clk 0:26:57]} 30. f3 {[%clk 0:31:02]} Nd5 {[%clk 0:23:35]} 31. g3
{[%clk 0:22:48]} c3 {[%clk 0:22:55]} 32. Kf2 {[%clk 0:18:20]} Rc6
{[%clk 0:20:06]} 33. Be5 {[%clk 0:18:06]} Bd3 {[%clk 0:20:15]} 34. Rcc1
{[%clk 0:18:21]} c2 {[%clk 0:20:14]} 35. Ra3 {[%clk 0:13:19]} Bg6
{[%clk 0:18:06]} 36. Ra4 {[%clk 0:11:28]} Rb6 {[%clk 0:12:45]} 37. Ke2
{[%clk 0:07:54]} Rb1 {[%clk 0:12:38]} 38. Kd2 {[%clk 0:07:02]} Nb4
{[%clk 0:13:00]} 39. Ra1 {[%clk 0:01:39]} Nd3 {[%clk 0:11:32]} 40. Rcxb1
{[%clk 0:01:51]} cxb1=Q {[%clk 0:11:49]} 41. Rxb1 {[%clk 0:02:15]} Nxe5
{[%clk 0:12:10]} 42. Ra1 {[%clk 0:01:18]} Nxf3+ {[%clk 0:12:17]} 43. Ke3
{[%clk 0:01:40]} Nxh2 {[%clk 0:12:23]} 44. Rxa6 {[%clk 0:01:04]} Bf5
{[%clk 0:12:28]} 45. Kf4 {[%clk 0:00:47]} Kf7 {[%clk 0:12:32]} 46. Ra7+
{[%clk 0:01:00]} Kf6 {[%clk 0:12:55]} 47. Ra5 {[%clk 0:00:57]} g5+
{[%clk 0:13:02]} 48. Ke3 {[%clk 0:01:21]} Ng4+ {[%clk 0:11:52]} 49. Kf3
{[%clk 0:01:35]} h5 {[%clk 0:12:11]} 50. Ra8 {[%clk 0:01:51]} Nh2+
{[%clk 0:11:09]} 51. Kg2 {[%clk 0:01:46]} Be4+ {[%clk 0:11:36]} 0-1

[Event "Uppsala Young Champions 2016"]
[Site "Uppsala Schackcentrum, Sweden"]
[Date "2016.10.31"]
[Round "5.8"]
[White "Bannout, Edvin"]
[Black "Cardenas, William"]
[Result "1-0"]
[BlackElo "1986"]
[WhiteElo "1818"]
[LiveChessVersion "1.4.8"]

1. e4 {[%clk 1:30:20]} c5 {[%clk 1:30:49]} 2. Nf3 {[%clk 1:29:48]} d6
{[%clk 1:31:14]} 3. c3 {[%clk 1:30:00]} Nf6 {[%clk 1:31:38]} 4. Be2
{[%clk 1:29:48]} Bd7 {[%clk 1:32:02]} 5. d3 {[%clk 1:29:48]} Nc6 {[%clk 1:32:27]}
6. O-O {[%clk 1:29:36]} g6 {[%clk 1:32:52]} 7. Re1 {[%clk 1:28:39]} Bg7
{[%clk 1:33:15]} 8. Bf1 {[%clk 1:28:12]} O-O {[%clk 1:33:24]} 9. d4
{[%clk 1:19:05]} cxd4 {[%clk 1:33:12]} 10. cxd4 {[%clk 1:18:33]} Bg4
{[%clk 1:28:13]} 11. d5 {[%clk 1:08:31]} Ne5 {[%clk 1:26:18]} 12. Nbd2
{[%clk 1:04:20]} Rc8 {[%clk 1:22:36]} 13. h3 {[%clk 0:52:00]} Nxf3+
{[%clk 1:22:41]} 14. Nxf3 {[%clk 0:51:24]} Bxf3 15. Qxf3 {[%clk 0:51:27]} Nd7
{[%clk 1:23:14]} 16. Rb1 {[%clk 0:49:36]} Qa5 {[%clk 1:21:26]} 17. b4
{[%clk 0:44:53]} Qxa2 {[%clk 1:15:39]} 18. Bg5 {[%clk 0:40:38]} Rfe8
{[%clk 1:15:15]} 19. Bb5 {[%clk 0:39:27]} Rc7 {[%clk 1:13:27]} 20. Qg4
{[%clk 0:36:36]} Ne5 {[%clk 1:05:20]} 21. Qh4 {[%clk 0:36:24]} Rec8
{[%clk 1:04:57]} 22. Bxe7 {[%clk 0:36:34]} a6 {[%clk 1:02:10]} 23. Bxd6
{[%clk 0:32:59]} g5 {[%clk 0:48:01]} 24. Qxg5 {[%clk 0:32:57]} f6
{[%clk 0:46:05]} 25. Qf5 {[%clk 0:30:19]} axb5 {[%clk 0:45:05]} 26. Bxc7
{[%clk 0:30:03]} Rxc7 {[%clk 0:45:31]} 27. Ra1 {[%clk 0:27:19]} Qd2
{[%clk 0:42:56]} 28. Ra8+ {[%clk 0:27:22]} Kf7 {[%clk 0:41:29]} 29. Qh5+
{[%clk 0:25:38]} Ng6 {[%clk 0:40:21]} 30. Rd1 {[%clk 0:24:27]} Rc1
{[%clk 0:40:36]} 31. Ra1 {[%clk 0:23:26]} Rxa1 {[%clk 0:40:45]} 32. Rxa1 Qxb4
{[%clk 0:38:16]} 33. Qf5 {[%clk 0:23:00]} Qe7 {[%clk 0:34:45]} 34. f4
{[%clk 0:21:54]} Qd6 {[%clk 0:29:21]} 35. Qe6+ {[%clk 0:05:58]} Qxe6
{[%clk 0:29:43]} 36. dxe6+ {[%clk 0:06:26]} Ke7 {[%clk 0:14:56]} 37. f5
{[%clk 0:06:55]} Ne5 {[%clk 0:15:22]} 38. Ra7 {[%clk 0:05:39]} h5
{[%clk 0:12:44]} 39. Rxb7+ {[%clk 0:05:59]} Kf8 {[%clk 0:13:12]} 40. Rxb5
{[%clk 0:03:10]} h4 {[%clk 0:12:42]} 41. g3 {[%clk 0:03:03]} hxg3
{[%clk 0:12:20]} 42. Kg2 {[%clk 0:03:30]} Bh6 {[%clk 0:12:04]} 43. Kxg3
{[%clk 0:03:45]} Be3 {[%clk 0:10:04]} 44. Rd5 {[%clk 0:03:28]} Nc4
{[%clk 0:07:43]} 45. Kf3 {[%clk 0:03:14]} Bg5 {[%clk 0:08:07]} 46. Ke2
{[%clk 0:03:13]} Ne5 {[%clk 0:06:08]} 47. Kd1 {[%clk 0:03:31]} Nc4
{[%clk 0:06:05]} 48. Rd7 {[%clk 0:03:18]} Ke8 {[%clk 0:02:59]} 49. Kc2
{[%clk 0:03:31]} Ne5 {[%clk 0:02:30]} 50. Rh7 {[%clk 0:03:35]} Bf4
{[%clk 0:02:03]} 51. Kc3 {[%clk 0:02:49]} Nf3 {[%clk 0:01:47]} 52. Kc4
{[%clk 0:02:52]} Ng5 {[%clk 0:01:53]} 53. Rh8+ {[%clk 0:03:19]} Ke7
{[%clk 0:02:19]} 54. Kd5 {[%clk 0:03:43]} Nf3 {[%clk 0:01:27]} 55. h4
{[%clk 0:03:38]} Ne5 {[%clk 0:01:54]} 56. h5 {[%clk 0:03:28]} Ng4
{[%clk 0:02:13]} 57. Rg8 {[%clk 0:03:04]} Ne5 {[%clk 0:01:45]} 58. Rh8
{[%clk 0:03:03]} Ng4 {[%clk 0:02:12]} 59. Kc6 {[%clk 0:02:55]} Ne5+
{[%clk 0:02:09]} 60. Kb7 {[%clk 0:03:21]} Ng4 {[%clk 0:02:03]} 61. Kc8
{[%clk 0:03:34]} Nh6 {[%clk 0:00:39]} 62. Rh7+ {[%clk 0:02:23]} Ke8
{[%clk 0:01:00]} 63. Rg7 {[%clk 0:02:44]} Bg5 {[%clk 0:00:52]} 64. Kc7
{[%clk 0:02:16]} Ng4 {[%clk 0:00:46]} 65. Rg8+ {[%clk 0:02:17]} Ke7
{[%clk 0:01:10]} 66. Rg7+ {[%clk 0:02:44]} Ke8 {[%clk 0:01:39]} 67. Rg6
{[%clk 0:01:57]} Bf4+ {[%clk 0:01:19]} 68. Kc8 {[%clk 0:02:11]} Bg5
{[%clk 0:01:24]} 69. Rg7 {[%clk 0:01:35]} Kf8 {[%clk 0:00:38]} 70. Kd8
{[%clk 0:01:26]} Ne5 {[%clk 0:00:35]} 71. e7+ {[%clk 0:01:48]} 1-0

[Event "Uppsala Young Champions 2016"]
[Site "Uppsala Schackcentrum, Sweden"]
[Date "2016.10.31"]
[Round "5.9"]
[White "Jäppinen, Erland"]
[Black "Emmoth, Alfons"]
[Result "0-1"]
[BlackElo "1899"]
[WhiteElo "1768"]
[LiveChessVersion "1.4.8"]

1. c4 {[%clk 1:22:29]} Nf6 {[%clk 1:30:32]} 2. Nc3 {[%clk 1:21:49]} g6
{[%clk 1:30:29]} 3. d4 {[%clk 1:21:21]} Bg7 {[%clk 1:30:46]} 4. Nf3
{[%clk 1:20:09]} d6 {[%clk 1:29:39]} 5. g3 {[%clk 1:19:42]} O-O {[%clk 1:29:22]}
6. Bg2 {[%clk 1:19:04]} c5 {[%clk 1:27:20]} 7. O-O {[%clk 1:16:57]} Nc6
{[%clk 1:25:58]} 8. h3 {[%clk 1:10:10]} cxd4 {[%clk 1:22:06]} 9. Nxd4
{[%clk 1:10:22]} Nxd4 {[%clk 1:21:27]} 10. Qxd4 {[%clk 1:10:39]} Nd7
{[%clk 1:19:53]} 11. Qd2 {[%clk 1:01:30]} Rb8 {[%clk 1:15:45]} 12. Rd1
{[%clk 0:58:12]} a6 {[%clk 1:11:56]} 13. Qc2 {[%clk 0:54:10]} Nc5
{[%clk 1:07:54]} 14. e4 {[%clk 0:48:03]} Bd7 {[%clk 1:04:20]} 15. Be3
{[%clk 0:44:42]} Rc8 {[%clk 1:00:44]} 16. Qd2 {[%clk 0:36:31]} Na4
{[%clk 0:55:13]} 17. Nxa4 {[%clk 0:29:29]} Bxa4 {[%clk 0:55:39]} 18. Rdc1
{[%clk 0:24:48]} Bd7 {[%clk 0:43:15]} 19. Rab1 {[%clk 0:24:44]} Be6
{[%clk 0:41:14]} 20. b3 {[%clk 0:22:51]} Qd7 {[%clk 0:37:34]} 21. Kh2
{[%clk 0:22:33]} f5 {[%clk 0:31:27]} 22. Rf1 {[%clk 0:19:51]} fxe4
{[%clk 0:27:56]} 23. Bd4 {[%clk 0:17:51]} Bxd4 {[%clk 0:26:42]} 24. Qxd4
{[%clk 0:18:20]} Rc5 {[%clk 0:23:52]} 25. Rbe1 {[%clk 0:17:03]} Bf5
{[%clk 0:14:37]} 26. g4 {[%clk 0:15:33]} e5 {[%clk 0:13:07]} 27. Qd2
{[%clk 0:13:13]} Be6 {[%clk 0:13:22]} 28. Rxe4 {[%clk 0:13:08]} b5
{[%clk 0:12:20]} 29. cxb5 {[%clk 0:10:40]} axb5 {[%clk 0:10:28]} 30. Rd1
{[%clk 0:08:53]} Bd5 {[%clk 0:07:07]} 31. Re3 {[%clk 0:08:42]} Bxg2
{[%clk 0:07:34]} 32. Kxg2 {[%clk 0:09:09]} Rf6 {[%clk 0:07:22]} 33. Kg1
{[%clk 0:07:01]} Qc6 {[%clk 0:06:50]} 34. Qa5 {[%clk 0:04:32]} Rc2
{[%clk 0:01:48]} 35. Rf1 {[%clk 0:02:08]} Rf8 {[%clk 0:01:43]} 36. a4
{[%clk 0:01:37]} bxa4 {[%clk 0:01:40]} 37. bxa4 {[%clk 0:01:20]} Ra8
{[%clk 0:01:46]} 38. Qb5 {[%clk 0:01:37]} Rxa4 {[%clk 0:01:01]} 39. Qb3+
{[%clk 0:01:25]} Rac4 {[%clk 0:01:01]} 40. Rf3 {[%clk 0:00:51]} Kg7
{[%clk 0:00:50]} 41. Re3 {[%clk 0:00:35]} R4c3 {[%clk 0:00:54]} 42. Qb8
{[%clk 0:00:33]} Rxe3 {[%clk 0:00:45]} 43. Qa7+ {[%clk 0:00:49]} Kg8
{[%clk 0:00:40]} 44. Qxe3 {[%clk 0:01:03]} Rc3 {[%clk 0:00:45]} 45. Qh6
{[%clk 0:01:14]} Qe8 {[%clk 0:00:51]} 46. Ra1 {[%clk 0:01:04]} Qf8
{[%clk 0:00:57]} 47. Qh4 {[%clk 0:01:18]} Rf3 {[%clk 0:00:50]} 48. Ra7
{[%clk 0:01:13]} Rf7 {[%clk 0:01:19]} 49. Ra6 {[%clk 0:00:48]} Rc7
{[%clk 0:01:19]} 50. Ra1 {[%clk 0:00:43]} d5 {[%clk 0:01:14]} 51. Rd1
{[%clk 0:01:01]} d4 {[%clk 0:01:29]} 52. Qg3 {[%clk 0:01:21]} Re7
{[%clk 0:01:33]} 53. Kh2 {[%clk 0:00:46]} Qf6 {[%clk 0:01:21]} 54. Kg1
{[%clk 0:00:44]} e4 {[%clk 0:01:14]} 55. Qb8+ {[%clk 0:01:00]} Kg7
{[%clk 0:01:37]} 56. Qd8 {[%clk 0:01:08]} e3 {[%clk 0:00:49]} 57. Rxd4
{[%clk 0:00:31]} e2 {[%clk 0:00:46]} 58. Kh2 {[%clk 0:00:33]} e1=Q
{[%clk 0:01:04]} 0-1